000 00658nam a22002177a 4500
003 UA-OsUOA
001 112699
007 ta
008 20150721b un ||||| |||| 00| 0 ukr d
100 _aМоця О.П.
090 _a902
_bМ86
942 _cSA
040 _aUA-OsUOA
_bukr
_cUA-OsUOA
_dUA-OsUOA
245 _aСередньовічні порти Східної Європи: деякі відмінності на річках і морях
300 _aС.66-84
955 _a0
041 _aukr
080 _a902
773 0 _w112693
_tАрхеологія
_dК.
_d2015
_g2
650 7 _a9 Географія. Біографії. Історія
_2UDC
999 _c398643
_d398643